000 00750nam a2200253 i 4500
001 127158
003 ES-MaACL
005 20250818131153.0
007 t|
008 070214s1971 sp bf r ||||1| spa d
080 _a953"1967"
080 _a956.94"19"
100 1 _aRiccezza, Giulio.
_996875
245 1 0 _aIsrael /
_cGiulio Riccezza.
260 _aMadrid :
_bCírculo de Amigos de la Historia,
_c1971.
300 _a246 p., 11 lám. ;
_c18 cm.
490 1 _aProblemas candentes de la historia
650 0 4 _aConflicto árabe-israelí.
_911266
651 4 _aIsrael-
_xPolítica y gobierno.
_98859
700 1 _a
_9241923
830 1 _aProblemas candentes de la historia
_9186693
852 _aES-MaACL
_jC-48662
999 _c127158
_d127158